000 00544nam a2200181Ia 4500
005 20250326140957.0
008 250326s9999 xx 000 0 und d
037 _aTextbook
040 _aFMSL
_beng
_cFMSL
041 _aeng
_2eng
084 _aD6545obY N9
_qFMSL
100 _aWolf M J
_9743490
245 0 _aEntertainment economy: How mega-media forces are transforming our lives
_cWolf M J
260 _aNew York
_bNew York, Times books
_c1999
300 _a314p
942 _cTB
_hD6545obY N9
999 _c1288125
_d1288125